Šport a reklama
Športové firmy na slovenskom trhu. Reklama a sponzoring športu na Slovensku. Európsky dohovor o bezhraničnej televízii.
Na minha lista:
| Formato: | Capítulo de Livro |
|---|---|
| Idioma: | eslovaco |
| Assuntos: | |
| Tags: |
Sem tags, seja o primeiro a adicionar uma tag!
|
MARC
| LEADER | 00000naa a2200000 4500 | ||
|---|---|---|---|
| 001 | r019838 | ||
| 005 | 20230922093616.4 | ||
| 041 | 0 | |a slo | |
| 044 | |a SK | ||
| 245 | 1 | 0 | |a Šport a reklama |
| 520 | |a Športové firmy na slovenskom trhu. Reklama a sponzoring športu na Slovensku. Európsky dohovor o bezhraničnej televízii. | ||
| 610 | 2 | 0 | |a reklama |
| 610 | 2 | 0 | |a sponzorovanie |
| 610 | 2 | 0 | |a telovýchova |
| 610 | 2 | 0 | |a Slovensko |
| 610 | 2 | 0 | |a firmy |
| 610 | 2 | 0 | |a šport |